Pays africains avec peu de frontières - une minute sprint - Statistiques

Statistiques générales
  • Ce quiz a été pris 156 fois
  • Le résultat moyen est 9 sur 13
Statistiques - réponses
pays % Correct
Madagascar
93%
Lesotho
91%
Cabo Verde
89%
Seychelles
87%
Comores
85%
Swaziland
84%
Sao Tomé-et-Principe
81%
Gambie
78%
Île Maurice
77%
Tunisie
60%
Guinée équatoriale
51%
Guinée-Bissau
45%
Sierra Leone
22%
Aucun quiz correspondant
Distribution des résultats
% des personnes avec chaque résultat
Percentile par nombre de réponses
Votre historique - résultats
Vous n’avez pas pris ce quiz